[Event "CZE-ch U12"]
[Site "Kouty nad Desnou"]
[Date "2015.03.10"]
[Round "4"]
[White "Pavlicek, Lukas"]
[Black "Stinka, Jakub"]
[Result "0-1"]
[WhiteElo "1553"]
[BlackElo "1651"]
[PlyCount "84"]
[EventDate "2015.03.07"]
[EventType "swiss"]
[EventRounds "9"]
[EventCountry "CZE"]
[SourceTitle "EXT 2017"]
[Source "ChessBase"]
[SourceDate "2016.10.25"]
[SourceVersion "1"]
[SourceVersionDate "2016.10.25"]
[SourceQuality "1"]

1. e4 c5 2. Nf3 d6 3. d4 cxd4 4. Nxd4 Nf6 5. Nc3 Nc6 6. Be2 e6 7. Be3 Be7 8. f4 a6 9. 0-0 Qc7 10. Qe1 0-0 11. Kh1 Bd7 12. Qg3 b5 13. e5 dxe5 14. Nxc6 Bxc6 15. fxe5 Ne4 16. Nxe4 Bxe4 17. c3 Rad8 18. Bf3 Bg6 19. Rad1 Bc5 20. Bxc5 Qxc5 21. Rxd8 Rxd8 22. Qe1 Rd3 23. Be4 Bxe4 24. Qxe4 Qd5 25. Qf4 Qd7 26. Qe4 Rd1 27. Qa8+ Qd8 28. Qf3 Rxf1+ 29. Qxf1 Qd5 30. Qf3 Kf8 31. Qxd5 exd5 32. Kg1 Ke7 33. Kf2 Ke6 34. Kf3 Kxe5 35. Ke3 f5 36. g3 g5 37. h4 gxh4 38. gxh4 f4+ 39. Kf3 h5 40. b4 Kf5 41. a3 Ke5 42. Kf2 Ke4 0-1